Tiện ích cho Internet

Enregistré dans:
Détails bibliographiques
Auteur principal: Lê, Hoàn
Format: Livre
Langue:Undetermined
Publié: Cà Mau Mũi Cà Mau 1999
Sujets:
Tags: Ajouter un tag
Pas de tags, Soyez le premier à ajouter un tag!
Thư viện lưu trữ: Trung tâm Học liệu Trường Đại học Cần Thơ
LEADER 00579nam a2200193Ia 4500
001 CTU_34136
008 210402s9999 xx 000 0 und d
020 |b 17.000đ 
082 |a 004.6 
082 |b H406 
100 |a Lê, Hoàn 
245 0 |a Tiện ích cho Internet 
245 0 |c Lê Hoàn chủ biên 
260 |a Cà Mau 
260 |b Mũi Cà Mau 
260 |c 1999 
650 |a Information networks,Internet ( computer programs ),Programming languages ( electronic computers ) 
904 |i Minh 
980 |a Trung tâm Học liệu Trường Đại học Cần Thơ